Pure Luck - Map Quiz - Statistics

General Stats
  • This quiz has been taken 61 times
  • The average score is 2 of 10
Answers on the Map
Answers color-coded by a green-red scale on the quiz's map according to % correct below.
 
Answer Stats
Answer % Correct
Democratic Republic of the Congo
26%
Algeria
22%
Liechtenstein
22%
Burkina Faso
19%
Nicaragua
19%
Lithuania
11%
Papua New Guinea
11%
Suriname
11%
Nepal
7%
Poland
4%
No matching quizzes found
Score Distribution
Percent of People with Each Score
Percentile by Number Answered
Your Score History
You have not taken this quiz